Revista catalana de geografia
Publicado:
Barcelona :
Montblanc-Martín : Societat Catalana de Geografia : Institut Cartogràfic de Catalunya ,
1978
Descripción Física:
11 vols. ; il·lustracions i fotografies color ; periodicitat: trimestral (1978-1982), quadrimestral (1985-1993) ; 24 cm ; 27 cm
Idioma:
Catalán
MARC
| LEADER | 00000nas a22000007a 4500 | ||
|---|---|---|---|
| 001 | 28211, 28212, 28213 | ||
| 003 | AGDB | ||
| 005 | 20260324181519.0 | ||
| 008 | 230816b spa||||| |||| 00| 0 cat d | ||
| 017 | |a B 44779-1978 | ||
| 022 | |a 0210-6000 | ||
| 040 | |a agdb |b cat | ||
| 222 | 0 | |a Revista catalana de geografia | |
| 245 | |a Revista catalana de geografia | ||
| 246 | |a Revista catalana de geografia : |b publicació trimestral de la Societat Catalana de Geografia filial de l'Institut d'Estudis Catalans | ||
| 260 | |a Barcelona : |b Montblanc-Martín : |b Societat Catalana de Geografia : |b Institut Cartogràfic de Catalunya ; |c [1978-1993] | ||
| 300 | |a 11 vols. ; |b il·lustracions i fotografies color ; periodicitat: trimestral (1978-1982), quadrimestral (1985-1993) ; |c 24 cm ; 27 cm | ||
| 310 | |a Quadrimestral |b 1985-1993 | ||
| 321 | |a Trimestral |b 1978-1982 | ||
| 362 | 0 | |a Any 1, vol. 1, núm. 1 (gen./març 1978) - Any 5, vol. 5, núm. 18 (abr./juny 1982) | |
| 362 | 0 | |a Segona època. Vol. 1, núm. 1 (des.1985) - Vol. 8, núm. 21 (set. 1993) | |
| 500 | |a A la segona època el director és: Jaume Miranda i Canals i l'entitat responsable és l'Institut Cartogràfic de Catalunya. | ||
| 500 | |a Les dimensions varien. | ||
| 504 | |a Referències bibliogràfiques. | ||
| 515 | |a Suspesa de 1982 a 1985 | ||
| 530 | |a També es publica en línia | ||
| 650 | 0 | |2 Arxiu |9 21266 |a Geografia |x Revistes | |
| 651 | 0 | |9 56417 |a Catalunya |x Geografia |v Revistes | |
| 655 | 0 | |9 55823 |a Revistes | |
| 710 | 2 | |9 54626 |a Societat Catalana de Geografia | |
| 710 | 2 | |9 53041 |a Institut Cartogràfic de Cataluny | |
| 785 | 0 | 0 | |t Terra : revista catalana de geografia, cartografia i ciències de la terra |
| 856 | 4 | 0 | |u https://www.icgc.cat/Ciutada/Informa-t/Llibres-i-fons-documentals/Llibres-en-PDF/Revista-Catalana-de-Geografia |z Accés lliure (Institut Cartogràfic i Geològic de Catalunya) |
| 866 | |a 1978 (1) | ||
| 866 | |a 1990 (11-13) | ||
| 866 | |a 1991 (14-16) | ||
| 866 | |a 1992 (17-18) | ||
| 866 | |a 1993 (20-21) | ||
| 942 | |2 udc |c REV |n 1 | ||
| 952 | |0 0 |1 0 |4 0 |6 REV2287 |7 1 |9 96154 |a Arxiu |b Arxiu |d 2023-08-16 |h Núm. 1 (gener/març 1978) |l 0 |o Rev-2287 |p 28210 |r 2023-08-16 00:00:00 |w 2023-08-16 |y ARXIU | ||
| 952 | |0 0 |1 0 |4 0 |6 REV2288 |7 1 |9 96155 |a Arxiu |b Arxiu |d 2023-08-16 |h Núm. 11 (març 1990) - Núm. 13 (desembre 1990) |l 0 |o Rev-2288 |p 28211 |r 2023-08-16 00:00:00 |w 2023-08-16 |y ARXIU | ||
| 952 | |0 0 |1 0 |4 0 |6 REV2289 |7 1 |9 96156 |a Arxiu |b Arxiu |d 2023-08-16 |h Núm. 14 (març 1991) - Núm. 16 (novembre 1991) |l 0 |o Rev-2289 |p 28212 |r 2023-08-16 00:00:00 |w 2023-08-16 |y ARXIU | ||
| 952 | |0 0 |1 0 |4 0 |6 REV2290 |7 1 |9 96157 |a Arxiu |b Arxiu |d 2023-08-16 |h Núm. 17 (febrer 1992) - Núm. 18 (juny 1992) ; Núm. 20 (abril 1993) - Núm. 21 (setembre 1993) |l 0 |o Rev-2290 |p 28213 |r 2023-08-16 00:00:00 |w 2023-08-16 |y ARXIU | ||
| 999 | |c 128069 |d 128069 | ||